Country Flags #7 - Statistics

General Stats
  • This quiz has been taken 11 times
  • The average score is 13 of 16
Answer Stats
Picture Answer % Correct
Albania
91%
Cyprus
91%
Lebanon
91%
San Marino
91%
Vatican City
91%
Barbados
82%
D.R Congo
82%
Kenya
82%
Kosovo
82%
Nepal
82%
Bhutan
73%
Gabon
73%
Sudan
73%
Turkmenistan
73%
South Sudan
64%
UAE
55%
No matching quizzes found
Score Distribution
Percent of People with Each Score
Percentile by Number Answered
Your Score History
You have not taken this quiz